| 000 | 00482nam a2200157 4500 | ||
|---|---|---|---|
| 008 | 161020b xxu||||| |||| 00| 0 eng d | ||
| 022 | _a9770118389007 | ||
| 082 | _aDPer 641.05 F73 Mar-Nov 2012 | ||
| 100 |
_916594 _aBarrios, Troy |
||
| 245 |
_aH is for hearty, homecooked heaven at H cuisine/ _cTroy Barrios. |
||
| 260 |
_aQuezon City: _bABS CBN Publishing, Inc., _cc2012. |
||
| 300 |
_apage 31; _c30 cm. |
||
| 500 | _aFood. | ||
| 650 | 0 |
_916595 _aFood |
|
| 942 |
_2ddc _cPER |
||
| 999 |
_c5360 _d5360 |
||